000 00943cam a2200277 a 4500
005 20260322212029.0
008 data
010 _a 2006934479
020 _a1596523077
020 _a9781596523074
040 _aNTG
_cNTG
_dDLC
_dDLC
042 _alccopycat
043 _an-us-ca
050 0 0 _aF869.S343
_bS37 2006
092 _a979.461 S37 2006
100 1 _aSchall, Rebecca.
245 1 0 _aHistoric photos of San Francisco.
_cRebecca Schall.
260 _aNashville, Tenn. :
_bTurner Pub. Co.,
_c2006.
300 _ax, 206 p. :
_bchiefly ill. ;
_c27 cm.
500 _a"Text and captions by Rebecca Schall"--Jkt.
650 0 _aHistoric buildings
_zSan Francisco
_zSan Francisco
_vPictorial works.
651 0 _aSan Francisco (Calif.)
_xHistory
_vPictorial works.
651 0 _aSan Francisco (Calif.)
_xBuildings, structures, etc.
_vPictorial works.
651 0 _aSan Francisco (Calif.)
_xSocial life and customs
_vPictorial works.
001 data
999 _c665
_d665